[Event "Let's Play Chess!"]
[Site "http://www.queenalice.com/game.php?id=1325387"]
[Date "2014.12.1"]
[Round "-"]
[White "LuizFernandes"]
[Black "dnptrs"]
[Result "1-0"]
[WhiteElo "2101"]
[BlackElo "2168"]

1. Nf3 Nf6 2. b3 d5 3. e3 c5 4. Bb2 e6 5. d4 cxd4 6. exd4 Nbd7 7. Bd3 Be7 8. c4
b6 9. Nc3 O-O 10. cxd5 Nxd5 11. Nxd5 exd5 12. O-O Bf6 13. Qc2 h6 14. Rac1 Bb7
15. Qc7 Nc5 16. Rxc5 bxc5 17. Qxb7 c4 18. Bc2 c3 19. Ba3 Re8 20. Bc5 Re2 21. Rc1
Qe8 22. Bd3 Rb8 23. Qxb8 Qxb8 24. Bxe2 g5 25. Rxc3 g4 26. Nd2 Bg5 27. Nf1 1-0

[Event "AUTO-OPEN-3390"]
[Site "http://www.queenalice.com/game.php?id=1325449"]
[Date "2014.12.1"]
[Round "1"]
[White "jacconsultoria"]
[Black "LuizFernandes"]
[Result "1/2-1/2"]
[WhiteElo "2169"]
[BlackElo "2160"]

1. c4 e5 2. Nc3 Nf6 3. g3 Nc6 4. Bg2 g6 5. Nf3 Bg7 6. d4 exd4 7. Nxd4 Ng4 8.
Nxc6 dxc6 9. Qxd8+ Kxd8 10. Bg5+ Ke8 11. Rd1 Bxc3+ 1/2-1/2

[Event "AUTO-OPEN-3390"]
[Site "http://www.queenalice.com/game.php?id=1325450"]
[Date "2014.12.1"]
[Round "1"]
[White "LuizFernandes"]
[Black "jacconsultoria"]
[Result "0-1"]
[WhiteElo "2125"]
[BlackElo "2198"]

1. Nf3 c5 2. e4 g6 3. d4 cxd4 4. Nxd4 Bg7 5. c4 Nc6 6. Nxc6 bxc6 7. Nc3 Nf6 8.
Be2 O-O 9. O-O d6 10. h3 Be6 11. Be3 c5 0-1

[Event "AUTO-OPEN-3390"]
[Site "http://www.queenalice.com/game.php?id=1325477"]
[Date "2014.12.1"]
[Round "1"]
[White "Aspayne"]
[Black "LuizFernandes"]
[Result "0-1"]
[WhiteElo "2129"]
[BlackElo "2128"]

1. e4 e5 2. Nf3 Nc6 3. Nc3 Nf6 4. Nxe5 Nxe5 5. d4 Ng6 6. e5 Ng8 7. Bc4 c6 8. Qf3
d5 9. exd6 Be6 10. Bxe6 fxe6 11. O-O Nf6 12. Re1 Qxd6 13. Bg5 Be7 14. Re2 Qxd4
15. Rxe6 O-O 16. Be3 Qc4 17. Qh3 Kf7 0-1

[Event "AUTO-OPEN-3390"]
[Site "http://www.queenalice.com/game.php?id=1325478"]
[Date "2014.12.1"]
[Round "1"]
[White "LuizFernandes"]
[Black "Aspayne"]
[Result "1-0"]
[WhiteElo "2061"]
[BlackElo "2143"]

1. Nf3 b6 2. e4 Bb7 3. Nc3 e6 4. Be2 Be7 5. O-O c5 6. d4 Nf6 7. d5 d6 8. dxe6
fxe6 9. Ng5 Qc8 10. Bc4 d5 11. exd5 Nxd5 12. Nxe6 Qxe6 13. Nxd5 1-0

[Event "AUTO-OPEN-3390"]
[Site "http://www.queenalice.com/game.php?id=1325497"]
[Date "2014.12.1"]
[Round "1"]
[White "LuizFernandes"]
[Black "pestiferous"]
[Result "0-1"]
[WhiteElo "2067"]
[BlackElo "2059"]

1. Nf3 e6 2. d4 f5 3. Bf4 Nf6 4. e3 Be7 5. Be2 O-O 6. O-O d5 7. c4 c6 8. Nbd2
Ne4 9. h3 Nd7 10. Qc2 Nxd2 0-1

[Event "AUTO-MASTER-2202"]
[Site "http://www.queenalice.com/game.php?id=1325572"]
[Date "2014.12.1"]
[Round "1"]
[White "bmax1968"]
[Black "LuizFernandes"]
[Result "1/2-1/2"]
[WhiteElo "2198"]
[BlackElo "2153"]

1. c4 e5 2. Nc3 Nc6 3. g3 Nf6 4. Bg2 Bc5 5. Nf3 O-O 6. O-O d6 7. d3 h6 8. a3 a5
9. e3 Bg4 10. h3 Bd7 1/2-1/2

[Event "AUTO-MASTER-2202"]
[Site "http://www.queenalice.com/game.php?id=1325573"]
[Date "2014.12.1"]
[Round "1"]
[White "LuizFernandes"]
[Black "betofortaleza"]
[Result "0-1"]
[WhiteElo "2142"]
[BlackElo "1985"]

1. d4 d5 2. Bf4 Bf5 3. e3 e6 4. Bd3 Bxd3 5. Qxd3 Nf6 6. Nf3 Bd6 7. h3 Bxf4 8.
exf4 Nc6 9. O-O Qd6 10. Ne5 Nxe5 11. fxe5 Qc6 12. exf6 gxf6 13. Nd2 O-O-O 14. a4
Rhg8 15. Qxh7 Qd7 16. a5 Rh8 17. Qd3 Rdg8 18. Ra3 Rg5 19. Nb3 e5 20. Nc5 Qc6 21.
f4 e4 0-1

[Event "AUTO-MASTER-2202"]
[Site "http://www.queenalice.com/game.php?id=1325574"]
[Date "2014.12.1"]
[Round "1"]
[White "betofortaleza"]
[Black "LuizFernandes"]
[Result "1-0"]
[WhiteElo "1961"]
[BlackElo "2160"]

1. e4 e5 2. Bc4 Nf6 3. d3 c6 4. Bg5 d5 5. Bxf6 gxf6 6. exd5 cxd5 7. Bb5+ Nc6 8.
Nc3 d4 9. Ne4 Qa5+ 10. c3 Qxb5 11. Nxf6+ Ke7 12. Ne4 f5 13. a4 Qxb2 14. Ne2 fxe4
15. O-O Bg4 16. Rb1 Qxe2 17. Rxb7+ Kf6 18. Qb3 Be6 19. Qb1 Rg8 20. Qc1 1-0

[Event "AUTO-ADV-3302"]
[Site "http://www.queenalice.com/game.php?id=1325717"]
[Date "2014.12.2"]
[Round "1"]
[White "skimatechess"]
[Black "LuizFernandes"]
[Result "0-1"]
[WhiteElo "1857"]
[BlackElo "2157"]

1. e4 d5 2. exd5 Qxd5 3. Nf3 Bg4 4. Be2 Nf6 5. Nc3 Qf5 6. Nd4 Bxe2 7. Nxf5 Bxd1
8. Kxd1 e6 9. Nxg7+ Bxg7 10. d3 Nc6 11. Bg5 Ng4 12. Bf4 Bxc3 13. bxc3 Nxf2+ 14.
Ke2 Nxh1 15. Rxh1 O-O-O 16. Bg5 Rdg8 17. Bf6 Rxg2+ 18. Kf1 Rhg8 19. Bd4 Nxd4 0-1

[Event "AUTO-ADV-3302"]
[Site "http://www.queenalice.com/game.php?id=1325718"]
[Date "2014.12.2"]
[Round "1"]
[White "LuizFernandes"]
[Black "skimatechess"]
[Result "1-0"]
[WhiteElo "2154"]
[BlackElo "1861"]

1. Nf3 d5 2. c4 dxc4 3. e3 b5 4. d4 c5 5. a4 Nf6 6. axb5 cxd4 7. Bxc4 dxe3 8.
Bxf7+ Kxf7 9. Qxd8 exf2+ 10. Kxf2 e5 11. Nxe5+ Ke6 12. Qxc8+ Ke7 13. Qb7+ Ke8
14. Qxa8 Bc5+ 15. Ke2 Nd7 16. Nxd7 Kxd7 17. Qd5+ Kc8 18. Qxc5+ Nc6 19. Qxc6+ Kb8
20. Bf4# 1-0

[Event "AUTO-ADV-3302"]
[Site "http://www.queenalice.com/game.php?id=1325737"]
[Date "2014.12.2"]
[Round "1"]
[White "LuizFernandes"]
[Black "juanluciano"]
[Result "0-1"]
[WhiteElo "2115"]
[BlackElo "1816"]

1. Nf3 d5 2. d4 c6 3. c4 Nf6 4. e3 e6 5. Bd3 Bb4+ 6. Nc3 O-O 7. Bd2 Nbd7 8. O-O
a6 9. Nxd5 Bxd2 10. Nxf6+ Nxf6 11. Qxd2 b5 12. Rfc1 a5 13. cxb5 cxb5 14. Bxb5
Ne4 0-1

[Event "AUTO-ADV-3302"]
[Site "http://www.queenalice.com/game.php?id=1325738"]
[Date "2014.12.2"]
[Round "1"]
[White "juanluciano"]
[Black "LuizFernandes"]
[Result "1-0"]
[WhiteElo "1874"]
[BlackElo "2092"]

1. e4 e5 2. Nf3 Nc6 3. d4 exd4 4. Nxd4 Nf6 5. Nxc6 bxc6 6. e5 Qe7 7. Qe2 Nd5 8.
g3 g6 9. f4 Bg7 10. Bd2 O-O 11. Nc3 Rb8 12. O-O-O Qb4 13. b3 Nxc3 14. Bxc3 1-0